[Event "Carnaval Online"]
[Site "Chess.com"]
[Date "2021.02.20"]
[Round "2.4"]
[White "Banerjee, Bitan"]
[Black "Adam, Rafael"]
[Result "1-0"]
[WhiteElo "2484"]
[BlackElo "1907"]
[PlyCount "63"]
[EventDate "2021.02.20"]
[EventType "swiss"]
[EventRounds "6"]
[EventCountry "CAN"]

1. d4 Nf6 2. c4 e6 3. Nf3 Bb4+ 4. Bd2 Qe7 5. Nc3 O-O 6. e3 b6 7. Bd3 Bb7 8. O-O
Bxc3 9. Bxc3 Ne4 10. Be1 d6 11. Qc2 f5 12. Nd2 Nxd2 13. Bxd2 Nd7 14. e4 e5 15.
exf5 exd4 16. Rae1 Qf7 17. Be4 Nc5 18. Bxb7 Nxb7 19. Qe4 c5 20. g4 Rac8 21. b3
Rfe8 22. Qf3 Kf8 23. Bf4 Rcd8 24. Re6 Qd7 25. Qd5 Qf7 26. Rfe1 Rxe6 27. fxe6
Qxf4 28. e7+ Ke8 29. Qg8+ Kd7 30. e8=Q+ Rxe8 31. Qxe8+ Kc7 32. Re7# 1-0

[Event "Carnaval Online"]
[Site "Chess.com"]
[Date "2021.02.20"]
[Round "3.1"]
[White "Stojanovski, Sandi"]
[Black "Mitrabha, Guha"]
[Result "0-1"]
[WhiteElo "2232"]
[BlackElo "2445"]
[PlyCount "124"]
[EventDate "2021.02.20"]
[EventType "swiss"]
[EventRounds "6"]
[EventCountry "CAN"]

1. c4 b6 2. d4 Bb7 3. Nf3 e6 4. e3 f5 5. Be2 Nf6 6. O-O a5 7. Ne5 Bd6 8. Nc3
O-O 9. f3 Nc6 10. Nxc6 Bxc6 11. d5 exd5 12. cxd5 Bb7 13. e4 fxe4 14. fxe4 Qe8
15. Bf3 Be5 16. Qc2 Kh8 17. Be3 Qg6 18. Qd2 Ba6 19. Rf2 Rae8 20. Bd4 d6 21.
Bxe5 Rxe5 22. Be2 Bxe2 23. Qxe2 Rfe8 24. Raf1 h6 25. Qc4 R8e7 26. Qc6 Kh7 27.
h3 Nxe4 28. Nxe4 Qxe4 29. Rd1 Rf5 30. Qc2 Rxf2 31. Qxe4+ Rxe4 32. Kxf2 Rc4 33.
Rd2 Kg6 34. Ke3 Kf6 35. b3 Rc1 36. Kd4 b5 37. Rf2+ Ke7 38. Re2+ Kd7 39. Rf2
Rd1+ 40. Ke4 Re1+ 41. Kd4 Ke8 42. Rc2 Re7 43. Rc6 Kd7 44. Ra6 Re2 45. Rxa5 Rxg2
46. a3 b4 47. a4 Rg3 48. Kc4 Rxh3 49. Kxb4 Kc8 50. Ra8+ Kb7 51. Rg8 g5 52. a5
Rf3 53. Kc4 Rf4+ 54. Kd3 g4 55. Ke3 Rb4 56. Kd2 h5 57. Kc3 Rf4 58. b4 h4 59. b5
h3 60. a6+ Ka7 61. Rg7 Kb6 62. Rg8 h2 0-1

[Event "Carnaval Online"]
[Site "Chess.com"]
[Date "2021.02.20"]
[Round "3.2"]
[White "Sonis, Francesco"]
[Black "Banerjee, Bitan"]
[Result "1-0"]
[WhiteElo "2477"]
[BlackElo "2484"]
[PlyCount "97"]
[EventDate "2021.02.20"]
[EventType "swiss"]
[EventRounds "6"]
[EventCountry "CAN"]

1. d4 Nf6 2. c4 g6 3. g3 Bg7 4. Bg2 O-O 5. Nc3 d6 6. Nf3 Nbd7 7. O-O e5 8. e4
exd4 9. Nxd4 Nc5 10. h3 Re8 11. Re1 Bd7 12. Rb1 a5 13. b3 h6 14. Bb2 h5 15. f3
c6 16. Bc1 h4 17. g4 Nh7 18. Be3 g5 19. Qd2 Be5 20. Rbd1 Qf6 21. Nce2 d5 22.
Nc2 Bd6 23. cxd5 Rad8 24. Qc3 Qxc3 25. Nxc3 Be5 26. Bxc5 Bxc3 27. Re3 Be5 28.
Red3 Ra8 29. Ne3 Nf8 30. Nc4 Ra6 31. Nxe5 Rxe5 32. Bd4 Re8 33. Be3 f6 34. Bf1
Raa8 35. dxc6 Bxc6 36. Rd6 Kg7 37. Bd4 Ne6 38. Bb2 Rad8 39. Bc4 Rxd6 40. Rxd6
Kf7 41. a4 Re7 42. Ba3 Re8 43. Kf2 Re7 44. Ke2 Re8 45. Ke3 Re7 46. Bb2 Bd7 47.
Bc3 Kg6 48. Bxa5 Nf4 49. Bd8 1-0

[Event "Carnaval Online"]
[Site "Chess.com"]
[Date "2021.02.20"]
[Round "3.4"]
[White "Mendes, Aaron Reeve"]
[Black "Latorre, Vincent"]
[Result "0-1"]
[WhiteElo "1201"]
[BlackElo "1941"]
[PlyCount "64"]
[EventDate "2021.02.20"]
[EventType "swiss"]
[EventRounds "6"]
[EventCountry "CAN"]

1. e4 g6 2. d4 Bg7 3. c3 d6 4. Bd3 Nf6 5. Bf4 O-O 6. f3 Nbd7 7. Ne2 Re8 8. Nd2
e5 9. Be3 d5 10. Qc2 exd4 11. cxd4 dxe4 12. fxe4 Nd5 13. Bf2 Nb4 14. Qc3 Nxd3+
15. Qxd3 Ne5 16. Qc3 Ng4 17. O-O Nxf2 18. Rxf2 Bg4 19. e5 Rc8 20. Nb3 c5 21.
dxc5 Bxe5 22. Qc4 Be6 23. Qb4 Bd5 24. Rd1 Rc7 25. Nf4 Rd7 26. Rfd2 Bc6 27. Rxd7
Bxd7 28. Nd3 Bc6 29. Na5 Bd4+ 30. Kh1 Bxg2+ 31. Kxg2 Qg5+ 32. Kf1 Qg1# 0-1

[Event "Carnaval Online"]
[Site "Chess.com"]
[Date "2021.02.21"]
[Round "4.1"]
[White "Mitrabha, Guha"]
[Black "Sonis, Francesco"]
[Result "1/2-1/2"]
[WhiteElo "2445"]
[BlackElo "2477"]
[PlyCount "96"]
[EventDate "2021.02.20"]
[EventType "swiss"]
[EventRounds "6"]
[EventCountry "CAN"]

1. d4 d5 2. c4 e6 3. g3 Nf6 4. Bg2 Bb4+ 5. Nd2 O-O 6. Ngf3 b6 7. O-O Bb7 8. Ne5
Be7 9. cxd5 exd5 10. Ndc4 Qc8 11. Ne3 Bd6 12. b3 Qe6 13. Bb2 Nbd7 14. N3c4 Bxe5
15. Nxe5 Nxe5 16. dxe5 Ng4 17. Qd4 c5 18. Qf4 f5 19. h3 Nh6 20. Rad1 Rad8 21.
Qd2 Rd7 22. e3 Rfd8 23. f4 a5 24. Bf3 Kh8 25. Qg2 Ng8 26. Rd2 Ne7 27. Rfd1 Bc6
28. Kh2 a4 29. b4 d4 30. bxc5 bxc5 31. exd4 Bxf3 32. Qxf3 cxd4 33. Ba3 h6 34.
Bxe7 Qxe7 35. Qc6 Qa3 36. h4 d3 37. Qg6 Rb7 38. Kh3 Rb2 39. Rxb2 Qxb2 40. Qxf5
Qe2 41. Qg4 Qxa2 42. f5 Qe2 43. e6 Rd5 44. Qg6 Qxd1 45. Qe8+ Kh7 46. Qg6+ Kh8
47. Qe8+ Kh7 48. Qg6+ Kh8 1/2-1/2

[Event "Carnaval Online"]
[Site "Chess.com"]
[Date "2021.02.21"]
[Round "4.2"]
[White "Tanaka, Tyler"]
[Black "Stojanovski, Sandi"]
[Result "1-0"]
[WhiteElo "2250"]
[BlackElo "2232"]
[PlyCount "71"]
[EventDate "2021.02.20"]
[EventType "swiss"]
[EventRounds "6"]
[EventCountry "CAN"]

1. Nf3 c5 2. g3 Nc6 3. d4 cxd4 4. Nxd4 g6 5. e4 Bg7 6. Be3 Nf6 7. Nc3 d6 8. h3
Nxd4 9. Bxd4 Be6 10. Bb5+ Bd7 11. Bxd7+ Qxd7 12. Nd5 O-O 13. Bxf6 exf6 14. Qd3
Rfe8 15. O-O-O Rac8 16. Kb1 Qa4 17. Rhe1 Rc5 18. f3 Qc6 19. g4 Rb5 20. c3 Rc5
21. Rh1 a5 22. Ne3 Re6 23. h4 b5 24. h5 b4 25. c4 Rce5 26. Rh2 a4 27. Rdh1 a3
28. b3 Qc5 29. hxg6 hxg6 30. Rh7 Re8 31. Qd2 f5 32. gxf5 Rxe4 33. Rxg7+ Kxg7
34. f6+ Kxf6 35. fxe4 Qe5 36. Ng4+ 1-0

[Event "Carnaval Online"]
[Site "Chess.com"]
[Date "2021.02.21"]
[Round "4.3"]
[White "Banerjee, Bitan"]
[Black "Mendes, Aaron Reeve"]
[Result "1-0"]
[WhiteElo "2484"]
[BlackElo "1201"]
[PlyCount "73"]
[EventDate "2021.02.20"]
[EventType "swiss"]
[EventRounds "6"]
[EventCountry "CAN"]

1. Nf3 d5 2. g3 Nc6 3. d4 Bf5 4. Bg2 e6 5. O-O Be7 6. b3 h5 7. h4 f6 8. c4 Qd7
9. Nc3 O-O-O 10. c5 e5 11. dxe5 d4 12. Na4 fxe5 13. Ng5 Bxg5 14. Bxg5 Nf6 15.
b4 Nxb4 16. Qb3 a5 17. c6 bxc6 18. Nc5 Qd6 19. Rfc1 Nd7 20. Nxd7 Rxd7 21. a3
Nd5 22. Qa4 Rf7 23. Qxa5 Kd7 24. Rxc6 Qxc6 25. Bxd5 Qc3 26. Qa4+ Kd6 27. Rc1
Bc2 28. Rxc2 Qe1+ 29. Kh2 Rxf2+ 30. Bg2 Rxg2+ 31. Kxg2 Ke6 32. Qc6+ Kf7 33.
Qxc7+ Kg6 34. Qc6+ Kh7 35. Qe4+ Kg8 36. Rc8+ Kf7 37. Qf5# 1-0

[Event "Carnaval Online"]
[Site "Chess.com"]
[Date "2021.02.21"]
[Round "5.1"]
[White "Mitrabha, Guha"]
[Black "Tanaka, Tyler"]
[Result "1/2-1/2"]
[WhiteElo "2445"]
[BlackElo "2250"]
[PlyCount "133"]
[EventDate "2021.02.20"]
[EventType "swiss"]
[EventRounds "6"]
[EventCountry "CAN"]

1. d4 d5 2. c4 dxc4 3. Nf3 Nf6 4. Qa4+ c6 5. Qxc4 Bf5 6. Nc3 e6 7. g3 Nbd7 8.
Bg2 Ne4 9. O-O Nxc3 10. Qxc3 Be4 11. Bh3 Bd6 12. Nd2 Bg6 13. Bg2 O-O 14. Nc4
Be7 15. e4 Nb6 16. Ne5 c5 17. Be3 cxd4 18. Qxd4 Bf6 19. Rfd1 Qxd4 20. Bxd4 Rfd8
21. f4 Bh5 22. g4 Bxg4 23. Rdc1 Rxd4 24. Nxg4 Rd2 25. e5 Bh4 26. Kh1 Rxb2 27.
a4 Rd8 28. a5 Nd5 29. Bxd5 Rxd5 30. Rc8+ Rd8 31. Rac1 h5 32. Ne3 Rxc8 33. Rxc8+
Kh7 34. f5 Rb3 35. fxe6 fxe6 36. Nc2 Rb5 37. Nd4 Rxe5 38. Nf3 Re4 39. Rc7 Bf6
40. Rxb7 Ra4 41. Rxa7 e5 42. Ra8 e4 43. Ng1 Kg6 44. a6 Bd4 45. Ne2 Bb6 46. Kg2
Ra2 47. Kf1 Ra1+ 48. Kg2 Ra2 49. Kf1 e3 50. Rc8 Rxa6 51. Rc6+ Kg5 52. Kg2 Ra2
53. Kf3 Ba7 54. Rd6 Ra5 55. Rd7 g6 56. Ng3 Ra2 57. Ne2 Ra1 58. Ng3 Ra2 59. Ne2
Ra6 60. Rf7 Rf6+ 61. Rxf6 Kxf6 62. h3 Kg5 63. Nf4 Kh4 64. Kg2 Kg5 65. Kf3 Bb6
66. Nd5 Ba7 67. Nf4 1/2-1/2

[Event "Carnaval Online"]
[Site "Chess.com"]
[Date "2021.02.21"]
[Round "5.2"]
[White "Sonis, Francesco"]
[Black "Adam, Rafael"]
[Result "1-0"]
[WhiteElo "2477"]
[BlackElo "1907"]
[PlyCount "59"]
[EventDate "2021.02.20"]
[EventType "swiss"]
[EventRounds "6"]
[EventCountry "CAN"]

1. d4 Nf6 2. c4 e6 3. Nc3 Bb4 4. g3 c5 5. Nf3 O-O 6. Bg2 cxd4 7. Nxd4 Nc6 8.
O-O h6 9. Na4 Be7 10. b3 Ne8 11. Bb2 Bf6 12. Rc1 Nxd4 13. Bxd4 Bxd4 14. Qxd4
Qf6 15. Qd2 Rb8 16. Qa5 a6 17. c5 Qe7 18. Rfd1 Nf6 19. Qc7 Ra8 20. Nb6 Ne8 21.
Nxc8 Nxc7 22. Nxe7+ Kh7 23. Rxd7 Nb5 24. a4 Na3 25. Bxb7 Ra7 26. c6 Re8 27. Nc8
Ra8 28. Bxa8 Rxc8 29. Bb7 Rb8 30. c7 1-0

[Event "Carnaval Online"]
[Site "Chess.com"]
[Date "2021.02.21"]
[Round "5.3"]
[White "Latorre, Vincent"]
[Black "Banerjee, Bitan"]
[Result "0-1"]
[WhiteElo "1941"]
[BlackElo "2484"]
[PlyCount "86"]
[EventDate "2021.02.20"]
[EventType "swiss"]
[EventRounds "6"]
[EventCountry "CAN"]

1. e4 e6 2. d4 d5 3. Nc3 Nf6 4. Bg5 Bb4 5. e5 h6 6. Bd2 Bxc3 7. bxc3 Ne4 8. Bd3
Nxd2 9. Qxd2 c5 10. f4 Qa5 11. Nf3 c4 12. Be2 Nd7 13. O-O Nb6 14. Nh4 Na4 15.
Rf3 g6 16. Rb1 Bd7 17. Rxb7 Nb6 18. Rc7 Kd8 19. Rc5 Qxa2 20. Rf1 Na4 21. Ra5
Qb2 22. Ra6 Qxc3 23. Nf3 Qxd2 24. Nxd2 Nc3 25. Bf3 Kc7 26. Rfa1 Nb5 27. c3 Nxc3
28. Rxa7+ Rxa7 29. Rxa7+ Kd8 30. Kf2 Ke7 31. Ke3 Nb5 32. Rb7 Rc8 33. Bd1 Ra8
34. Nb1 Kd8 35. Kd2 Kc8 36. Rxb5 Bxb5 37. Nc3 Bc6 38. Bc2 Kc7 39. Bd1 Kb6 40.
Kc1 Ka5 41. Kb2 Kb4 42. Na2+ Rxa2+ 43. Kxa2 Kc3 0-1

[Event "Carnaval Online"]
[Site "Chess.com"]
[Date "2021.02.21"]
[Round "6.1"]
[White "Stojanovski, Sandi"]
[Black "Sonis, Francesco"]
[Result "0-1"]
[WhiteElo "2232"]
[BlackElo "2477"]
[PlyCount "168"]
[EventDate "2021.02.20"]
[EventType "swiss"]
[EventRounds "6"]
[EventCountry "CAN"]

1. c4 c5 2. Nf3 Nc6 3. Nc3 e5 4. e3 f5 5. d4 e4 6. d5 exf3 7. dxc6 dxc6 8.
Qxd8+ Kxd8 9. gxf3 g6 10. b3 Bg7 11. Bb2 Nf6 12. O-O-O+ Ke7 13. f4 Ng4 14. Rd2
Rd8 15. Rxd8 Kxd8 16. Nd1 Bxb2+ 17. Kxb2 Ke7 18. f3 Nf6 19. Nf2 Be6 20. Nd3 b6
21. Ne5 Kd6 22. h4 Kc7 23. Kc3 Nh5 24. Rg1 Rd8 25. Be2 a6 26. Rd1 Re8 27. Nd3
Re7 28. Kd2 Nf6 29. Ke1 Nd7 30. Rc1 Bf7 31. Kf2 Kd8 32. Bf1 Nf6 33. Re1 Kc7 34.
Bg2 Be8 35. e4 Bd7 36. e5 Nh5 37. Ke3 Be6 38. Bf1 Rd7 39. Rc1 a5 40. a4 Rd4 41.
Be2 Kd7 42. Rd1 Ke7 43. Ne1 Rxf4 44. Ng2 Rd4 45. Rxd4 cxd4+ 46. Kxd4 f4 47. Ke4
Ng3+ 48. Kd3 Bf5+ 49. Kd2 Nh5 50. c5 bxc5 51. Bc4 h6 52. Ne1 Ng7 53. Nd3 Bxd3
54. Kxd3 Nf5 55. Ke4 Nxh4 56. Kxf4 Nf5 57. Bd3 Ke6 58. Bc4+ Kd7 59. Bd3 Ne7 60.
Kg4 Ke6 61. f4 Kd5 62. Bc4+ Ke4 63. Bf7 g5 64. fxg5 hxg5 65. e6 Ke5 66. Kxg5
Nd5 67. Be8 Nc7 68. Bxc6 Nxe6+ 69. Kg4 Nd4 70. Bb5 Nxb3 71. Kg3 Kd4 72. Kf2 Kc3
73. Ke3 Kb4 74. Kd3 Nc1+ 75. Kc2 Na2 76. Kd3 Nc3 77. Bc6 Nxa4 78. Kc2 Nb6 79.
Kb2 c4 80. Kc2 c3 81. Be8 Nc4 82. Bf7 a4 83. Be6 a3 84. Kb1 a2+ 0-1

[Event "Carnaval Online"]
[Site "Chess.com"]
[Date "2021.02.21"]
[Round "6.2"]
[White "Mendes, Aaron Reeve"]
[Black "Mitrabha, Guha"]
[Result "0-1"]
[WhiteElo "1201"]
[BlackElo "2445"]
[PlyCount "126"]
[EventDate "2021.02.20"]
[EventType "swiss"]
[EventRounds "6"]
[EventCountry "CAN"]

1. d4 Nf6 2. Nf3 c5 3. c3 d5 4. Bf4 Nc6 5. e3 Qb6 6. Na3 a6 7. Qb3 Qxb3 8. axb3
Bg4 9. Ne5 Nxe5 10. Bxe5 Rc8 11. f3 Bd7 12. Nc2 Bf5 13. Kd2 e6 14. Bd3 Bxd3 15.
Kxd3 Nd7 16. Bg3 Be7 17. Rhe1 cxd4 18. exd4 O-O 19. Ne3 Bg5 20. f4 Bh6 21. Ng4
Nf6 22. Nxf6+ gxf6 23. f5 Rfe8 24. Re2 exf5 25. Rf1 Rxe2 26. Kxe2 Re8+ 27. Kd1
Re3 28. Rxf5 Rd3+ 29. Kc2 Rd2+ 30. Kb1 Rxg2 31. Rxf6 Rg1+ 32. Kc2 Rg2+ 33. Kb1
Be3 34. Rf5 Kg7 35. Rxd5 Kg6 36. Rd6+ f6 37. Rb6 h5 38. Rxb7 Bg1 39. Re7 Bxh2
40. Bxh2 Rxh2 41. Re1 h4 42. Kc1 h3 43. Re3 Rh1+ 44. Kc2 f5 45. d5 f4 46. Rf3
h2 47. Rxf4 Rc1+ 48. Kxc1 h1=Q+ 49. Kd2 Qh2+ 50. Ke3 Qxb2 51. Rc4 Qxb3 52. Kd4
a5 53. d6 Kf6 54. Kc5 a4 55. Rf4+ Ke5 56. d7 Qd5+ 57. Kb4 Kxf4 58. Kxa4 Qxd7+
59. Kb4 Ke5 60. c4 Kd4 61. c5 Qb7+ 62. Ka3 Kc3 63. Ka4 Qa6# 0-1

[Event "Carnaval Online"]
[Site "Chess.com"]
[Date "2021.02.21"]
[Round "6.3"]
[White "Adam, Rafael"]
[Black "Tanaka, Tyler"]
[Result "1/2-1/2"]
[WhiteElo "1907"]
[BlackElo "2250"]
[PlyCount "122"]
[EventDate "2021.02.20"]
[EventType "swiss"]
[EventRounds "6"]
[EventCountry "CAN"]

1. d4 d5 2. c4 dxc4 3. Nf3 Nf6 4. e3 Bg4 5. Bxc4 e6 6. O-O a6 7. Be2 Nc6 8.
Nbd2 Bd6 9. b3 e5 10. dxe5 Nxe5 11. Bb2 Qe7 12. Nxe5 Bxe2 13. Qxe2 Bxe5 14. Nc4
Bxb2 15. Qxb2 O-O 16. Rfd1 Rad8 17. Qe5 Qxe5 18. Nxe5 Ne4 19. Nd7 Rfe8 20. Rd3
f6 21. Rad1 Kf7 22. f3 Nd6 23. Nc5 Ke7 24. Kf2 a5 25. e4 b6 26. Na4 Nb7 27. Ke3
b5 28. Nc3 c6 29. Ne2 Rxd3+ 30. Rxd3 Rc8 31. Nd4 Nd6 32. Rc3 c5 33. Ne2 c4 34.
bxc4 Nxc4+ 35. Kd4 Kd6 36. a4 Kc6 37. Nf4 Kb6 38. Nd5+ Ka6 39. f4 Nd6 40. Rxc8
Nxc8 41. Nc7+ Kb6 42. Nxb5 Kc6 43. g4 Nb6 44. Nc3 Kd6 45. h4 Kc6 46. g5 Kd6 47.
gxf6 gxf6 48. Nd5 Nxa4 49. Nxf6 Nb2 50. Nxh7 a4 51. Kc3 a3 52. Ng5 Nd3 53. Kb3
Nxf4 54. Kxa3 Ke5 55. Kb4 Ng6 56. h5 Nh8 57. Kc5 Kf4 58. Kd6 Kxg5 59. e5 Nf7+
60. Ke6 Nxe5 61. h6 Kxh6 1/2-1/2

[Event "Carnaval U1400 Online"]
[Site "Chess.com"]
[Date "2021.02.20"]
[Round "1.1"]
[White "Poulin, Simon"]
[Black "Chelkowski, Jan"]
[Result "1-0"]
[WhiteElo "1382"]
[BlackElo "1070"]
[PlyCount "97"]
[EventDate "2021.02.20"]
[EventType "swiss"]
[EventRounds "6"]
[EventCountry "CAN"]

1. e4 e5 2. Nf3 Nc6 3. Bb5 a6 4. Ba4 Nf6 5. O-O Bc5 6. d3 h6 7. c3 O-O 8. Nbd2
d6 9. h3 Bd7 10. Bc2 Na5 11. b4 Bxb4 12. cxb4 Nc6 13. a3 Na7 14. d4 Re8 15.
dxe5 dxe5 16. Re1 Nb5 17. Bb2 Bc6 18. Nxe5 Nd4 19. Bxd4 Qxd4 20. Ndf3 Qxd1 21.
Raxd1 Bb5 22. Bb3 Re7 23. Rd2 Rae8 24. Bc2 Nh5 25. Ng6 fxg6 26. e5 Re6 27. Bb3
Kh8 28. Bxe6 Rxe6 29. Rd8+ Kh7 30. Nd4 Re7 31. Nxb5 axb5 32. g3 Nf6 33. Re3 Nh5
34. f4 Nf6 35. Kf2 Nd7 36. g4 Nb6 37. Red3 h5 38. Kf3 hxg4+ 39. hxg4 c6 40. Ke4
Nd5 41. R3xd5 cxd5+ 42. Kxd5 g5 43. f5 b6 44. Kd6 Ra7 45. e6 g6 46. f6 Rxa3 47.
e7 Rd3+ 48. Kc7 Rc3+ 49. Kb7 1-0

[Event "Carnaval U1400 Online"]
[Site "Chess.com"]
[Date "2021.02.20"]
[Round "1.2"]
[White "Piroli, Luke"]
[Black "Cormier, Benoit"]
[Result "1/2-1/2"]
[WhiteElo "783"]
[BlackElo "1315"]
[PlyCount "151"]
[EventDate "2021.02.20"]
[EventType "swiss"]
[EventRounds "6"]
[EventCountry "CAN"]

1. d4 Nf6 2. c4 e6 3. Nf3 b6 4. Nc3 Bb7 5. e3 Bb4 6. Bd2 O-O 7. Bd3 d5 8. cxd5
exd5 9. O-O Nbd7 10. Qc2 c5 11. a3 Bxc3 12. Bxc3 Rc8 13. Rac1 cxd4 14. Nxd4 Re8
15. Qe2 Nc5 16. Bb4 Nxd3 17. Qxd3 a6 18. Bd2 Ne4 19. Rxc8 Qxc8 20. Rc1 Qd7 21.
f3 Nxd2 22. Qxd2 Rc8 23. Rxc8+ Qxc8 24. Qc2 Qxc2 25. Nxc2 f5 26. Kf2 Kf7 27.
Nb4 a5 28. Nd3 Ke6 29. Nf4+ Kf6 30. Ke2 g5 31. Nh5+ Kg6 32. Ng3 h5 33. Kd3 h4
34. Ne2 Kf6 35. Nc3 Ke5 36. g3 Ba6+ 37. Kd2 hxg3 38. hxg3 d4 39. f4+ gxf4 40.
exf4+ Kd6 41. Ne2 Kd5 42. b3 Ke4 43. b4 d3 44. Nc3+ Kf3 45. b5 Bb7 46. Kxd3
Be4+ 47. Kd4 Kxg3 48. Ke3 Bc2 49. Nd5 Ba4 50. Nxb6 Bxb5 51. Nd5 a4 52. Ne7 Kg4
53. Ng6 Be8 54. Ne5+ Kg3 55. Nf3 Kg4 56. Ne5+ Kg3 57. Nc4 Bc6 58. Nd6 Kg4 59.
Nf7 Kg3 60. Nh6 Bd7 61. Nf7 Be6 62. Ng5 Bd5 63. Nh7 Bc6 64. Nf6 Bb5 65. Nd5 Kg4
66. Nf6+ Kg3 67. Nd5 Be8 68. Nf6 Bc6 69. Ng8 Kg4 70. Ne7 Bd7 71. Nd5 Be6 72.
Nf6+ Kg3 73. Ne8 Kg4 74. Nf6+ Kg3 75. Ne8 Kg4 76. Nf6+ 1/2-1/2

[Event "Carnaval U1400 Online"]
[Site "Chess.com"]
[Date "2021.02.20"]
[Round "1.3"]
[White "Gougeon, Patrick"]
[Black "Suresh, Pravan"]
[Result "0-1"]
[WhiteElo "1289"]
[BlackElo "772"]
[PlyCount "162"]
[EventDate "2021.02.20"]
[EventType "swiss"]
[EventRounds "6"]
[EventCountry "CAN"]

1. f4 d5 2. Nf3 Nc6 3. g3 Nf6 4. Bg2 e6 5. O-O Bc5+ 6. d4 Bb6 7. c3 Bd7 8. a4
a5 9. Ne5 Qe7 10. b3 O-O-O 11. Ba3 Qe8 12. Nd2 Nxe5 13. fxe5 Ng4 14. Rf3 Nxe5
15. Rf1 f6 16. Nf3 Qh5 17. Nxe5 Qxe5 18. Qd3 Qg5 19. Bf3 h5 20. Bc1 Qf5 21.
Qxf5 exf5 22. Bxd5 g5 23. Kg2 h4 24. e3 h3+ 25. Kf3 c6 26. Bc4 g4+ 27. Ke2 c5
28. Bd3 cxd4 29. cxd4 Rhe8 30. Bb2 Bc6 31. Bxf5+ Kb8 32. Bxg4 Bxd4 33. Bxd4
Rxd4 34. Rad1 Rxg4 35. Rxf6 Rge4 36. Rd3 Kc7 37. Rh6 b5 38. Rh7+ R4e7 39. Rxh3
bxa4 40. bxa4 Bxa4 41. Rc3+ Kb6 42. Rh5 Rd7 43. Rh6+ Kb5 44. Rd3 Rxd3 45. Kxd3
Rd8+ 46. Ke2 Bd1+ 47. Kf2 a4 48. Rh7 Bc2 49. Ra7 Kb4 50. Rb7+ Kc3 51. Ra7 Kb2
52. Rb7+ Bb3 53. h4 a3 54. Ra7 a2 55. h5 a1=Q 56. Rxa1 Kxa1 57. g4 Be6 58. Kg3
Rg8 59. h6 Rxg4+ 60. Kf3 Rh4 61. Kg3 Rxh6 62. Kf4 Rf6+ 63. Kg3 Kb2 64. e4 Kc3
65. e5 Rf1 66. Kg2 Rf5 67. Kg3 Rxe5 68. Kf4 Kd4 69. Kf3 Bd5+ 70. Kf4 Re4+ 71.
Kf5 Re1 72. Kf6 Ke4 73. Ke7 Ke5 74. Kd7 Be6+ 75. Kc6 Rc1+ 76. Kb5 Kd4 77. Kb6
Bd5 78. Kb5 Rb1+ 79. Ka4 Kc4 80. Ka5 Bb7 81. Ka4 Ra1# 0-1

[Event "Carnaval U1400 Online"]
[Site "Chess.com"]
[Date "2021.02.20"]
[Round "2.2"]
[White "Suresh, Pravan"]
[Black "Piroli, Luke"]
[Result "0-1"]
[WhiteElo "772"]
[BlackElo "783"]
[PlyCount "156"]
[EventDate "2021.02.20"]
[EventType "swiss"]
[EventRounds "6"]
[EventCountry "CAN"]

1. e4 c5 2. Nf3 Nc6 3. Bb5 Qc7 4. Nc3 Nf6 5. d3 e6 6. Be3 Be7 7. Bxc6 Qxc6 8.
e5 Nd5 9. Qd2 Nxc3 10. Qxc3 O-O 11. O-O b6 12. d4 cxd4 13. Qxc6 dxc6 14. Bxd4
c5 15. Bc3 Bb7 16. Rfd1 Bxf3 17. gxf3 Rfd8 18. Rxd8+ Rxd8 19. Kf1 g6 20. Ke2 b5
21. b3 a6 22. a3 Rc8 23. Kd2 c4 24. f4 cxb3 25. cxb3 Bc5 26. Ke2 Bxf2 27. Kxf2
Rxc3 28. b4 Rh3 29. Kg2 Rd3 30. a4 bxa4 31. Rxa4 Rb3 32. Rxa6 Rxb4 33. Ra8+ Kg7
34. h4 Rxf4 35. Kg3 Re4 36. Ra5 h5 37. Rc5 Rg4+ 38. Kh3 Rf4 39. Kg3 Rf5 40. Rb5
Kh6 41. Rb7 Rxe5 42. Rxf7 Rf5 43. Re7 e5 44. Re8 Kg7 45. Re7+ Kf6 46. Ra7 e4
47. Ra6+ Kg7 48. Re6 Rf3+ 49. Kg2 Rf4 50. Kg3 Rg4+ 51. Kh3 Kf7 52. Ra6 e3 53.
Ra1 e2 54. Re1 Re4 55. Kg3 Ke6 56. Kf3 Ke5 57. Rxe2 Rxe2 58. Kxe2 Kf4 59. Kf2
Kg4 60. Kg2 Kxh4 61. Kh2 Kg4 62. Kg2 Kf4 63. Kh3 g5 64. Kg2 g4 65. Kh2 Kf3 66.
Kg1 h4 67. Kh1 g3 68. Kg1 h3 69. Kh1 g2+ 70. Kg1 Ke2 71. Kh2 Kf2 72. Kxh3 g1=Q
73. Kh4 Kf3 74. Kh5 Kf4 75. Kh6 Kf5 76. Kh7 Kf6 77. Kh8 Kf7 78. Kh7 Qg7# 0-1

[Event "Carnaval U1400 Online"]
[Site "Chess.com"]
[Date "2021.02.20"]
[Round "2.3"]
[White "Cormier, Benoit"]
[Black "Gougeon, Patrick"]
[Result "0-1"]
[WhiteElo "1315"]
[BlackElo "1289"]
[PlyCount "86"]
[EventDate "2021.02.20"]
[EventType "swiss"]
[EventRounds "6"]
[EventCountry "CAN"]

1. e4 d5 2. exd5 Qxd5 3. Nc3 Qd6 4. d4 Nf6 5. Nf3 g6 6. h3 Bg7 7. Be3 O-O 8.
Bc4 c6 9. Qd2 a5 10. a3 b5 11. Ba2 a4 12. O-O Ba6 13. Bf4 Qd8 14. Rfe1 Bb7 15.
Rad1 e6 16. Bh6 Na6 17. Bxg7 Kxg7 18. Ne5 Nc7 19. Qf4 Qe8 20. g4 Ncd5 21. Nxd5
cxd5 22. c3 Qe7 23. Bb1 Nd7 24. Nxd7 Qxd7 25. Qe5+ Kg8 26. h4 Rae8 27. h5 f6
28. Qg3 gxh5 29. gxh5+ Qg7 30. Qxg7+ Kxg7 31. Re3 Kh6 32. Rh3 Rg8+ 33. Kh2 Rg5
34. Rg1 Reg8 35. Rxg5 Rxg5 36. f4 Rg4 37. Rf3 Bc8 38. Kh3 e5 39. f5 Rg1 40. Bd3
e4 41. Kh2 Rg5 42. Bxe4 dxe4 43. Re3 Bb7 0-1

[Event "Carnaval U1400 Online"]
[Site "Chess.com"]
[Date "2021.02.20"]
[Round "3.1"]
[White "Piroli, Luke"]
[Black "Francoz, Yohann"]
[Result "1-0"]
[WhiteElo "783"]
[BlackElo "1243"]
[PlyCount "65"]
[EventDate "2021.02.20"]
[EventType "swiss"]
[EventRounds "6"]
[EventCountry "CAN"]

1. d4 d5 2. c4 e6 3. Nc3 f5 4. cxd5 exd5 5. Nf3 c6 6. Bf4 Nf6 7. e3 Be7 8. Bd3
O-O 9. O-O Be6 10. Ne5 Ne4 11. Nxe4 fxe4 12. Be2 Nd7 13. Bg4 Bxg4 14. Qxg4 Nf6
15. Qe6+ Kh8 16. Bg5 Qe8 17. f3 Qh5 18. Qxe7 Qxg5 19. Nf7+ Rxf7 20. Qxf7 Qxe3+
21. Kh1 Qxd4 22. Qxb7 Re8 23. Qxc6 e3 24. Qc3 Qb6 25. Rac1 d4 26. Qd3 Rd8 27.
b3 Nd5 28. Rfd1 Nb4 29. Qxd4 Qxd4 30. Rxd4 Re8 31. Rxb4 Rd8 32. Re4 h6 33. Rxe3
1-0

[Event "Carnaval U1400 Online"]
[Site "Chess.com"]
[Date "2021.02.20"]
[Round "3.3"]
[White "Cormier, Benoit"]
[Black "Suresh, Pravan"]
[Result "0-1"]
[WhiteElo "1315"]
[BlackElo "772"]
[PlyCount "98"]
[EventDate "2021.02.20"]
[EventType "swiss"]
[EventRounds "6"]
[EventCountry "CAN"]

1. e4 c5 2. Nf3 Nc6 3. d4 cxd4 4. Nxd4 g6 5. Be3 Bg7 6. Be2 Nf6 7. f3 O-O 8. c3
d6 9. O-O Qb6 10. Qd2 Nxd4 11. Bxd4 Qc7 12. Na3 a6 13. Nc2 Bd7 14. Bf2 Rfc8 15.
Ne3 Bc6 16. Rac1 e6 17. Rfd1 Rd8 18. Qc2 d5 19. Bg3 Qb6 20. Bf2 dxe4 21. f4
Rxd1+ 22. Rxd1 Qc7 23. g3 Bb5 24. c4 Bc6 25. b4 Rd8 26. a4 Rxd1+ 27. Qxd1 Bd7
28. Qb3 e5 29. Nd5 Nxd5 30. cxd5 exf4 31. gxf4 Qxf4 32. Bg3 Qc1+ 33. Qd1 Bd4+
34. Kg2 Qxd1 35. Bxd1 Bc3 36. Bd6 f5 37. a5 Kf7 38. Bc5 Be5 39. Bb3 Kf6 40. h4
f4 41. Bc4 f3+ 42. Kf2 Kf5 43. d6 Kg4 44. Bg8 Bg3+ 45. Kf1 Bb5+ 46. Kg1 Kf4 47.
Be6 e3 48. Bxe3+ Kxe3 49. d7 f2+ 0-1

[Event "Carnaval U1400 Online"]
[Site "Chess.com"]
[Date "2021.02.21"]
[Round "4.2"]
[White "Francoz, Yohann"]
[Black "Suresh, Pravan"]
[Result "1-0"]
[WhiteElo "1243"]
[BlackElo "772"]
[PlyCount "105"]
[EventDate "2021.02.20"]
[EventType "swiss"]
[EventRounds "6"]
[EventCountry "CAN"]

1. e4 c5 2. Nf3 Nc6 3. d4 cxd4 4. Nxd4 g6 5. c4 Bg7 6. Be3 Nf6 7. f3 O-O 8. Nc3
b6 9. Be2 Bb7 10. O-O Rc8 11. Qd2 Ne5 12. b3 e6 13. Bf4 Nc6 14. Bd6 Re8 15. e5
Nxd4 16. Qxd4 Rc6 17. exf6 Qxf6 18. Qxf6 Bxf6 19. Bb4 a5 20. Bxa5 bxa5 21. Rac1
Bd4+ 22. Kh1 d5 23. Bd3 Bxc3 24. Rxc3 Rec8 25. f4 d4 26. Rc2 f5 27. Kg1 Ba6 28.
Re1 Kf7 29. Re5 Rc5 30. Rce2 R8c6 31. Kf2 h6 32. h3 Kf6 33. g4 g5 34. Kg3 gxf4+
35. Kxf4 a4 36. gxf5 Rxe5 37. Rxe5 axb3 38. axb3 Rb6 39. Rxe6+ Rxe6 40. fxe6
Kxe6 41. Ke4 Bb7+ 42. Kxd4 Bg2 43. h4 Bf3 44. c5 Kd7 45. b4 Kc7 46. Be4 Bd1 47.
c6 Ba4 48. Kc5 Bd1 49. b5 Bg4 50. b6+ Kb8 51. c7+ Kc8 52. Kd6 h5 53. b7# 1-0